SKE48のシングル - Statistics

General Stats
  • This quiz has been taken 6 times
  • The average score is 15 of 36
Answer Stats
リリース日 タイトル % Correct
6th 2011.07.27 パレオはエメラルド
80%
11th 2013.01.30 チョコの奴隷
80%
1st 2009.08.05 強き者よ
60%
2nd 2010.03.24 青空片想い
60%
9th 2012.05.16 アイシテラブル!
60%
17th 2015.03.31 コケティッシュ渋滞中
60%
21st 2017.07.19 意外にマンゴー
60%
4th 2010.11.17 1!2!3!4! ヨロシク!
60%
8th 2012.01.25 片想いFinally
60%
7th 2011.11.09 オキドキ
40%
10th 2012.09.19 キスだって左利き
40%
12th 2013.07.17 美しい稲妻
40%
13th 2013.11.20 賛成カワイイ!
40%
18th 2015.08.12 前のめり
40%
26th 2020.01.15 ソーユートコあるよね?
40%
27th 2021.02.03 恋落ちフラグ
40%
30th 2022.10.05 絶対インスピレーション
40%
31st 2023.07.05 好きになっちゃった
40%
33rd 2024.10.02 告白心拍数
40%
36th 2026.03.18 サンダルだぜ
40%
16th 2014.12.10 12月のカンガルー
40%
35th 2025.09.24 Karma
40%
19th 2016.03.30 チキンLINE
40%
24th 2018.12.12 Stand by you
40%
3rd 2010.07.07 ごめんね、SUMMER
40%
34th 2025.03.12 Tick tack zack
40%
5th 2011.03.09 バンザイVenus
40%
14th 2014.03.19 未来とは?
20%
15th 2014.07.30 不器用太陽
20%
20th 2016.08.17 金の愛、銀の愛
20%
22nd 2018.01.10 無意識の色
20%
23rd 2018.07.04 いきなりパンチライン
20%
28th 2021.09.01 あの頃の君を見つけた
20%
32nd 2024.02.28 愛のホログラム
20%
29th 2022.03.09 心にFlower
20%
25th 2019.07.24 FRUSTRATION
20%
No matching quizzes found
Score Distribution
Percent of People with Each Score
Percentile by Number Answered
Your Score History
You have not taken this quiz